Alcohol availability and crime: Evidence from census tract data

Saved in:  
Bibliographic Details
Main Author: Gyimah-Brempong, Kwabena (Author)
Format: Electronic Article
Language:English
Published: 2001
In: Southern economic journal
Year: 2001, Volume: 68, Issue: 1, Pages: 2-21
Online Access: Volltext (lizenzpflichtig)
Check availability: HBZ Gateway

MARC

LEADER 00000caa a22000002c 4500
001 1912454246
003 DE-627
005 20250125055028.0
007 cr uuu---uuuuu
008 241217s2001 xx |||||o 00| ||eng c
035 |a (DE-627)1912454246 
035 |a (DE-599)KXP1912454246 
040 |a DE-627  |b ger  |c DE-627  |e rda 
041 |a eng 
084 |a 2,1  |2 ssgn 
100 1 |a Gyimah-Brempong, Kwabena  |e VerfasserIn  |0 (DE-588)170483088  |0 (DE-627)060579684  |0 (DE-576)131366807  |4 aut 
109 |a Gyimah-Brempong, Kwabena  |a Brempong, Kwabena Gyimah-  |a Gyimah-Brempong, K. 
245 1 0 |a Alcohol availability and crime: Evidence from census tract data 
264 1 |c 2001 
336 |a Text  |b txt  |2 rdacontent 
337 |a Computermedien  |b c  |2 rdamedia 
338 |a Online-Ressource  |b cr  |2 rdacarrier 
773 0 8 |i Enthalten in  |t Southern economic journal  |d Oxford [u.a.] : Wiley, 1933  |g 68(2001), 1, Seite 2-21  |h Online-Ressource  |w (DE-627)341343307  |w (DE-600)2067038-2  |w (DE-576)110352297  |x 2325-8012  |7 nnas 
773 1 8 |g volume:68  |g year:2001  |g number:1  |g pages:2-21 
787 0 8 |i Forschungsdaten  |a Johnston, Lloyd D.  |t Monitoring the Future: A Continuing Study of American Youth (8th- and 10th-Grade Surveys), 1997  |d [Erscheinungsort nicht ermittelbar] : [Verlag nicht ermittelbar], 1999  |w (DE-627)1840065087 
787 0 8 |i Forschungsdaten  |a Johnston, Lloyd D.  |t Monitoring the Future: A Continuing Study of American Youth (12th-Grade Survey), 1997  |d [Erscheinungsort nicht ermittelbar] : [Verlag nicht ermittelbar], 1998  |w (DE-627)1840058935 
856 4 0 |u http://www.jstor.org/stable/1061508  |x Verlag  |z lizenzpflichtig  |3 Volltext  |7 1 
935 |a mkri 
951 |a AR 
ELC |a 1 
LOK |0 000 xxxxxcx a22 zn 4500 
LOK |0 001 4637419735 
LOK |0 003 DE-627 
LOK |0 004 1912454246 
LOK |0 005 20241217044134 
LOK |0 008 241217||||||||||||||||ger||||||| 
LOK |0 035   |a (DE-2619)ICPSR12888 
LOK |0 040   |a DE-2619  |c DE-627  |d DE-2619 
LOK |0 092   |o n 
LOK |0 852   |a DE-2619 
LOK |0 852 1  |9 00 
LOK |0 935   |a nacp 
LOK |0 939   |a 17-12-24  |b l01 
ORI |a SA-MARC-krimdoka001.raw